Managing uncertainty : risk and unprotected anal intercourse among gay men who do not know their HIV status /

সংরক্ষণ করুন:
গ্রন্থ-পঞ্জীর বিবরন
প্রধান লেখক: Henderson, Laurie (লেখক)
বিন্যাস: গ্রন্থ
ভাষা:ইংরেজি
প্রকাশিত: London : Community HIV and AIDS Prevention Strategy, c2001
ট্যাগগুলো: ট্যাগ যুক্ত করুন
কোনো ট্যাগ নেই, প্রথমজন হিসাবে ট্যাগ করুন!

MARC

LEADER 00000nam a22000007i 4500
001 IT\ICCU\UBO\1858800
003 ItRI
005 20260115231836.0
008 021018s2001 xxk|||||| ||||| |||||c
020 |a 1872956637 
040 |b ita  |c importazione bologna sebina 
041 7 |a eng  |2 ISO-639-2 
100 1 |a Henderson, Laurie  |0 IT\ICCU\UBOV\699626  |4 aut 
245 1 0 |a Managing uncertainty :  |b risk and unprotected anal intercourse among gay men who do not know their HIV status /  |c Laurie Henderson ... [et al.]. 
260 |a London :  |b Community HIV and AIDS Prevention Strategy,  |c c2001 
300 |a 37 p. ;  |c 30 cm 
500 |a Sul front.: Original Research Report. 
942 |2 ddc  |c BK  |n 0 
952 |0 0  |1 0  |4 0  |6 A_616_979000000000000_HEN  |7 0  |9 14027  |a BO  |b BO  |d 2026-01-15  |i 6425  |l 0  |o A 616.979 HEN  |p BO6425  |r 2026-01-15 23:18:36  |w 2026-01-15  |x [Sebina 5] [1 v.]  |y BK  |z 1 v. 
999 |c 12086  |d 12086